World indices of agricultural and food production, 1975-1984

Gespeichert in:
Bibliographische Detailangaben
Format: Buch
Sprache:Englisch
Veröffentlicht: Washington United States Department of Agriculture 1985
Ausgabe:1. ed.
Tags: Tag hinzufügen
Keine Tags, Fügen Sie das erste Tag hinzu!

MARC

LEADER 00000nam a2200000 4500
001 c110590
005 20221220080657.2
041 0 |a eng 
044 |a US 
245 1 0 |a World indices of agricultural and food production, 1975-1984 
250 |a 1. ed. 
264 1 |a Washington  |b United States Department of Agriculture  |c 1985 
300 |a 168 s.